MARC

LEADER 00000nam0a2200000 4500
001 113562
005 20231031121846.0
035 |a (RuTPU)RU\TPU\book\122823 
090 |a 113562 
100 |a 20070412d1937 k y0rusy50 ca 
101 1 |a rus  |c ger 
102 |a RU 
105 |a a z 000zy 
200 1 |a Дифференциальные и интегральные уравнения математической физики  |e пер. с нем.  |h Ч. 2  |f Ф. Франк, Р. Мизес  
210 |a Ленинград  |c Изд-во общетехнической лит-ры  |d 1937  |a Москва 
215 |a 998 с.  |c ил. 
610 1 |a математическая физика 
610 1 |a дифференциальные уравнения 
610 1 |a интегральные уравнения 
610 1 |a классическая механика 
610 1 |a геометрическая оптика 
610 1 |a механические системы 
610 1 |a колебания 
610 1 |a устойчивость 
610 1 |a твердые тела 
610 1 |a теория возмущений 
610 1 |a небесная механика 
610 1 |a атомная механика 
610 1 |a сплошные среды 
610 1 |a равновесие 
610 1 |a упругость 
610 1 |a идеальные жидкости 
610 1 |a колебания 
610 1 |a теплопроводность 
610 1 |a диффузия 
610 1 |a электростатика 
610 1 |a электрические токи 
610 1 |a магнитостатика 
610 1 |a токи 
610 1 |a волны 
610 1 |a интегрирование 
610 1 |a дифракция 
610 1 |a беспроволочный телеграф 
610 1 |a механика 
675 |a 53:517  |v 3 
700 1 |a Франк  |b Ф. 
701 1 |a Мизес  |b Р. 
702 1 |a Гуревич  |b Л. Э.  |4 340 
801 1 |a RU  |b 63413507  |c 20070412  |g PSBO 
801 2 |a RU  |b 63413507  |c 20210608  |g PSBO 
942 |c BK